000 02134nam a22004097a 4500
001 BRCA_ 9197
003 FranzMayer
005 20220809125451.0
008 220711b |||||||| |||| 00| 0 spa d
020 _a9783903114944
_qEdición de museo en inglés
040 _bspa
_cMFM
041 1 _aeng
050 _aN4396.S8
_bW65 2019
245 0 0 _aWolfgang Paalen :
_bthe Austrian Surrealist in Paris and Mexico /
260 _aLondres :
_bKoenig Books Ltd,
_c[2019]
260 _aNueva York :
_b[Fuera de Europa] D.A.P./Distributed Art Publishers
300 _a248 p. :
_bil., fot. col. ;
_c16.5 x 24.5 cm.
500 _aUbicación: L60-N1
500 _aIncluye imágenes de piezas del Museo Franz Mayer (pp. 108, 113, 129, 136, 184, 186, 189, 194, 195, 197, 199, 205, 206, 208)
500 _aIncluye imagen del Fondo Paalen, Museo Franz Mayer (p. 171)
505 2 _tForeword /
_rStella Rollig
505 2 _tShock, Fear, and Apparition as Topoi in Wolfgang Paalen's Painting /
_rAndreas Neufert
505 2 _tOrientations (1927-34) /
_rAndreas Neufert
505 2 _tFrom Roots to Guns: Paalen's Surrealist Objects /
_rDawn Ades
505 2 _tWolfgang Paalen's Voyage Nord-Ouest /
_rColin Browne
505 2 _tWolfgang Paalen's Transnational Art Magazine DYN /
_rTimur Alexander El Rafie
505 2 _tSurrealism in Paris (1935-39) /
_rAndreas Neufert
505 2 _tWolfgang Paalen: "The First Writer of the Atomic Age" /
_rMarkus Hallensleben
505 2 _tWolfgang Paalen in Exile in Mexico /
_rChristian Kloyber
505 2 _tMexico (1939-50) /
_rAndreas Neufert
505 2 _tWolfgang Paalen-Surrealist from Vienna: Searching for the Austrian Context /
_rFranz Smola
505 2 _tBiography Wolfgang Paalen /
_rAndreas Neufert
520 _aEste catálogo se publica con motivo de la exposición "Wolfgang Paalen. El surrealista austriaco en París y México" del 4 de octubre de 2019 al 19 de enero de 2020 en el Lower Belvedere, Viena. - Proporcionado por el editor
600 _a Paalen, Wolfgang,‏
_d1907-1959
_xSurrealismo
_xExposiciones
_928436
942 _2lcc
_cB
999 _c10816
_d10816